[Event "Memorial Sergievskogo"]
[Site "Cheboksary"]
[Date "2016.04.13"]
[Round "10.5"]
[White "Dreev, Aleksey"]
[Black "Travkina, Anastasia"]
[Result "1-0"]
[LiveChessVersion "1.4.4"]
[BlackElo "2303"]
[WhiteElo "2668"]

1. d4 {[%clk 0:15:19]} d5 {[%clk 0:15:19]} 2. c4 {[%clk 0:15:27]} c6
{[%clk 0:15:28]} 3. Nf3 {[%clk 0:15:34]} Nf6 {[%clk 0:15:37]} 4. e3
{[%clk 0:15:42]} Bg4 {[%clk 0:15:45]} 5. Qb3 {[%clk 0:15:46]} Qb6
{[%clk 0:15:53]} 6. Nc3 {[%clk 0:15:54]} e6 {[%clk 0:15:53]} 7. Nh4
{[%clk 0:16:01]} Bh5 {[%clk 0:16:00]} 8. h3 {[%clk 0:16:09]} Qxb3
{[%clk 0:16:08]} 9. axb3 {[%clk 0:16:18]} Na6 {[%clk 0:16:16]} 10. g4
{[%clk 0:16:22]} Nb4 {[%clk 0:16:07]} 11. Kd1 {[%clk 0:16:30]} Bg6
{[%clk 0:16:13]} 12. Nxg6 {[%clk 0:16:37]} hxg6 {[%clk 0:16:21]} 13. f3
{[%clk 0:16:19]} g5 {[%clk 0:15:13]} 14. Bd2 {[%clk 0:16:23]} dxc4
{[%clk 0:12:54]} 15. bxc4 {[%clk 0:16:26]} c5 {[%clk 0:12:32]} 16. Nb5
{[%clk 0:16:02]} Na6 {[%clk 0:11:21]} 17. Rxa6 {[%clk 0:15:46]} bxa6
{[%clk 0:11:30]} 18. Nc7+ {[%clk 0:15:55]} Kd7 {[%clk 0:11:39]} 19. Nxa8
{[%clk 0:16:03]} Be7 {[%clk 0:11:39]} 20. Bg2 {[%clk 0:13:42]} Rxa8
{[%clk 0:11:40]} 21. f4 {[%clk 0:13:48]} Rb8 {[%clk 0:11:17]} 22. fxg5
{[%clk 0:13:40]} Nh7 {[%clk 0:08:15]} 23. Kc2 {[%clk 0:13:29]} Nxg5
{[%clk 0:06:52]} 24. Ra1 {[%clk 0:13:10]} Rb6 {[%clk 0:05:40]} 25. Ra5
{[%clk 0:12:40]} e5 {[%clk 0:03:37]} 26. dxc5 {[%clk 0:12:12]} Rf6
{[%clk 0:03:43]} 27. c6+ {[%clk 0:11:49]} Kc8 {[%clk 0:02:14]} 28. Rxe5
{[%clk 0:11:05]} Bd8 {[%clk 0:02:18]} 1-0

[Event "Memorial Sergievskogo"]
[Site "Cheboksary"]
[Date "2016.04.13"]
[Round "10.6"]
[White "Kobalia, Mikhail"]
[Black "Nozdrachev, Vladislav"]
[Result "1/2-1/2"]
[LiveChessVersion "1.4.4"]
[BlackElo "2542"]
[WhiteElo "2609"]

1. e4 {[%clk 0:15:18]} e5 {[%clk 0:15:19]} 2. Nf3 {[%clk 0:15:25]} Nc6
{[%clk 0:15:28]} 3. Bc4 {[%clk 0:14:59]} Bc5 {[%clk 0:15:33]} 4. c3
{[%clk 0:15:04]} Nf6 {[%clk 0:15:40]} 5. d3 {[%clk 0:15:13]} a6 {[%clk 0:15:46]}
6. O-O {[%clk 0:15:17]} Ba7 {[%clk 0:15:55]} 7. a4 {[%clk 0:15:17]} O-O
{[%clk 0:15:50]} 8. Bg5 {[%clk 0:14:42]} d6 {[%clk 0:15:57]} 9. Nbd2
{[%clk 0:14:35]} Ne7 {[%clk 0:16:04]} 10. d4 {[%clk 0:13:51]} Ng6
{[%clk 0:16:07]} 11. dxe5 {[%clk 0:12:37]} dxe5 {[%clk 0:15:53]} 12. Nh4
{[%clk 0:12:39]} Nxh4 {[%clk 0:15:23]} 13. Bxh4 {[%clk 0:12:48]} Qd6
{[%clk 0:14:56]} 14. Re1 {[%clk 0:10:50]} Bg4 {[%clk 0:11:56]} 15. Be2
{[%clk 0:09:01]} Rad8 {[%clk 0:09:55]} 16. Nc4 {[%clk 0:08:34]} Qxd1
{[%clk 0:08:50]} 17. Bxd1 {[%clk 0:08:34]} Rxd1 {[%clk 0:08:44]} 18. Raxd1
{[%clk 0:08:27]} Bxd1 {[%clk 0:08:52]} 19. Bxf6 {[%clk 0:06:48]} Bxa4
{[%clk 0:08:04]} 20. Bxe5 {[%clk 0:06:56]} Rc8 {[%clk 0:06:41]} 21. Bd4
{[%clk 0:06:20]} c5 {[%clk 0:06:33]} 22. Be3 {[%clk 0:05:56]} Rd8
{[%clk 0:06:37]} 23. e5 {[%clk 0:05:48]} Rd5 {[%clk 0:06:15]} 24. f4
{[%clk 0:05:24]} Kf8 {[%clk 0:06:14]} 25. Kf2 {[%clk 0:05:29]} b5
{[%clk 0:04:51]} 26. Nd2 {[%clk 0:05:14]} f6 {[%clk 0:03:31]} 27. b3
{[%clk 0:04:42]} c4 {[%clk 0:03:37]} 28. Bxa7 {[%clk 0:02:37]} Rxd2+
{[%clk 0:03:40]} 29. Ke3 {[%clk 0:02:46]} Rd3+ {[%clk 0:03:47]} 30. Ke4
{[%clk 0:02:55]} Bxb3 {[%clk 0:03:53]} 31. Bd4 {[%clk 0:03:02]} fxe5
{[%clk 0:03:34]} 32. fxe5 {[%clk 0:03:06]} Rd1 {[%clk 0:01:38]} 1/2-1/2

[Event "Memorial Sergievskogo"]
[Site "Cheboksary"]
[Date "2016.04.13"]
[Round "10.7"]
[White "Sharafiev, Azat"]
[Black "Volkov, Sergey"]
[Result "1-0"]
[LiveChessVersion "1.4.4"]
[BlackElo "2597"]
[WhiteElo "2460"]

1. d4 {[%clk 0:15:19]} d5 {[%clk 0:15:18]} 2. c4 {[%clk 0:15:28]} c6
{[%clk 0:15:27]} 3. Nf3 {[%clk 0:15:36]} Nf6 {[%clk 0:15:35]} 4. Nc3
{[%clk 0:15:45]} a6 {[%clk 0:15:43]} 5. Ne5 {[%clk 0:15:53]} e6 {[%clk 0:15:21]}
6. g3 {[%clk 0:15:26]} dxc4 {[%clk 0:15:05]} 7. Bg2 {[%clk 0:15:01]} b5
{[%clk 0:15:10]} 8. a4 {[%clk 0:13:27]} Nd5 {[%clk 0:14:26]} 9. axb5
{[%clk 0:13:22]} cxb5 {[%clk 0:14:29]} 10. Nxb5 {[%clk 0:12:29]} Bb7
{[%clk 0:14:06]} 11. Na3 {[%clk 0:12:32]} Bb4+ {[%clk 0:11:21]} 12. Kf1
{[%clk 0:11:18]} c3 {[%clk 0:11:14]} 13. Qa4+ {[%clk 0:09:30]} Nd7
{[%clk 0:09:35]} 14. bxc3 {[%clk 0:08:07]} Bxc3 {[%clk 0:09:23]} 15. Rb1
{[%clk 0:08:02]} Ra7 {[%clk 0:07:22]} 16. Nac4 {[%clk 0:04:57]} Qc7
{[%clk 0:04:36]} 17. Nxd7 {[%clk 0:00:34]} Bc6 {[%clk 0:04:40]} 18. Qa3
{[%clk 0:00:31]} Kxd7 {[%clk 0:03:45]} 19. Bxd5 {[%clk 0:00:32]} exd5
{[%clk 0:00:42]} 20. Ne5+ {[%clk 0:00:29]} Ke6 {[%clk 0:00:50]} 21. Qxc3
{[%clk 0:00:33]} Bb5 {[%clk 0:00:59]} 22. Qf3 {[%clk 0:00:14]} f6
{[%clk 0:01:03]} 23. Nd3 {[%clk 0:00:18]} Rd8 {[%clk 0:01:04]} 24. Nc5+
{[%clk 0:00:20]} Kf7 {[%clk 0:01:13]} 25. Kg2 {[%clk 0:00:25]} Qc6
{[%clk 0:01:18]} 26. Be3 {[%clk 0:00:22]} Re8 {[%clk 0:01:05]} 27. h4
{[%clk 0:00:21]} a5 {[%clk 0:01:08]} 28. Rhc1 {[%clk 0:00:26]} Kg8
{[%clk 0:01:07]} 29. Nd3 {[%clk 0:00:22]} Qd7 {[%clk 0:01:15]} 30. h5
{[%clk 0:00:14]} h6 {[%clk 0:01:06]} 31. Rc5 {[%clk 0:00:17]} Bc4
{[%clk 0:01:12]} 32. Nb2 {[%clk 0:00:22]} Bb3 {[%clk 0:01:12]} 33. Bxh6
{[%clk 0:00:22]} a4 {[%clk 0:01:20]} 34. Bf4 {[%clk 0:00:27]} Rc8
{[%clk 0:01:22]} 35. Rbc1 {[%clk 0:00:32]} Rxc5 {[%clk 0:01:23]} 36. dxc5
{[%clk 0:00:34]} Qb5 {[%clk 0:01:19]} 37. c6 {[%clk 0:00:31]} d4 {[%clk 0:01:28]}
38. e4 {[%clk 0:00:19]} a3 {[%clk 0:01:06]} 39. Nd3 {[%clk 0:00:26]} Bc4
{[%clk 0:01:08]} 40. c7 {[%clk 0:00:30]} Ra8 {[%clk 0:01:17]} 41. Qg4
{[%clk 0:00:31]} Bxd3 {[%clk 0:01:14]} 42. c8=Q+ {[%clk 0:00:36]} Rxc8
{[%clk 0:01:23]} 43. Rxc8+ {[%clk 0:00:44]} Kf7 {[%clk 0:01:28]} 44. Rc7+
{[%clk 0:00:52]} 1-0

[Event "Memorial Sergievskogo"]
[Site "Cheboksary"]
[Date "2016.04.13"]
[Round "10.8"]
[White "Rozum, Ivan"]
[Black "Potapov, Pavel"]
[Result "1-0"]
[LiveChessVersion "1.4.4"]
[BlackElo "2501"]
[WhiteElo "2579"]

1. e4 {[%clk 0:15:19]} d5 {[%clk 0:15:17]} 2. exd5 {[%clk 0:15:27]} Qxd5
{[%clk 0:15:26]} 3. Nc3 {[%clk 0:15:35]} Qd6 {[%clk 0:15:34]} 4. d4
{[%clk 0:15:44]} Nf6 {[%clk 0:15:43]} 5. Nf3 {[%clk 0:15:52]} g6 {[%clk 0:15:52]}
6. Nb5 {[%clk 0:15:59]} Qb6 {[%clk 0:16:00]} 7. Na3 {[%clk 0:16:07]} Be6
{[%clk 0:16:03]} 8. c3 {[%clk 0:15:06]} Bg7 {[%clk 0:16:07]} 9. Nc4
{[%clk 0:15:03]} Bxc4 {[%clk 0:16:15]} 10. Bxc4 {[%clk 0:15:11]} O-O
{[%clk 0:16:23]} 11. O-O {[%clk 0:15:17]} Nbd7 {[%clk 0:16:23]} 12. a4
{[%clk 0:13:16]} a5 {[%clk 0:16:26]} 13. h3 {[%clk 0:13:12]} Rad8
{[%clk 0:15:53]} 14. Qe2 {[%clk 0:12:52]} e6 {[%clk 0:15:32]} 15. Bf4
{[%clk 0:12:54]} Nd5 {[%clk 0:14:58]} 16. Bg3 {[%clk 0:12:18]} c5
{[%clk 0:10:38]} 17. Rfd1 {[%clk 0:10:56]} cxd4 {[%clk 0:10:27]} 18. Nxd4
{[%clk 0:10:41]} Nc5 {[%clk 0:10:17]} 19. Nb5 {[%clk 0:10:14]} Qc6
{[%clk 0:09:30]} 20. Qf3 {[%clk 0:09:41]} Nb6 {[%clk 0:06:36]} 21. Rxd8
{[%clk 0:05:12]} Rxd8 {[%clk 0:06:45]} 22. Bc7 {[%clk 0:05:14]} Nxc4
{[%clk 0:05:49]} 23. Bxd8 {[%clk 0:05:17]} Nxb2 {[%clk 0:03:39]} 24. Qxc6
{[%clk 0:04:10]} bxc6 {[%clk 0:03:48]} 25. Nd4 {[%clk 0:04:18]} Nc4
{[%clk 0:02:30]} 26. Ra2 {[%clk 0:02:38]} Ne4 {[%clk 0:02:04]} 27. Rc2
{[%clk 0:02:13]} Kf8 {[%clk 0:01:23]} 28. Nxc6 {[%clk 0:00:59]} Nxc3
{[%clk 0:00:41]} 29. Nxa5 {[%clk 0:00:50]} Nxa5 {[%clk 0:00:31]} 30. Bxa5
{[%clk 0:00:59]} Nxa4 {[%clk 0:00:39]} 31. Ra2 {[%clk 0:00:39]} Nc3
{[%clk 0:00:25]} 32. Bb4+ {[%clk 0:00:48]} Ke8 {[%clk 0:00:34]} 33. Ra8+
{[%clk 0:00:55]} Kd7 {[%clk 0:00:41]} 34. Ra7+ {[%clk 0:01:04]} Kc6
{[%clk 0:00:33]} 35. Rxf7 {[%clk 0:01:08]} Kd5 1-0

[Event "Memorial Sergievskogo"]
[Site "Cheboksary"]
[Date "2016.04.13"]
[Round "10.9"]
[White "Papin, Vasily"]
[Black "Aleksandrov, Aleksej"]
[Result "0-1"]
[LiveChessVersion "1.4.4"]
[BlackElo "2574"]
[WhiteElo "2513"]

1. c4 {[%clk 0:15:18]} e6 {[%clk 0:15:18]} 2. g3 {[%clk 0:15:24]} d5
{[%clk 0:15:23]} 3. Bg2 {[%clk 0:15:32]} Nf6 {[%clk 0:15:32]} 4. Nf3
{[%clk 0:15:41]} dxc4 {[%clk 0:15:40]} 5. Qa4+ {[%clk 0:15:50]} Nbd7
{[%clk 0:15:48]} 6. Qxc4 {[%clk 0:15:57]} c5 {[%clk 0:15:57]} 7. Qc2
{[%clk 0:15:52]} b6 {[%clk 0:13:39]} 8. b3 {[%clk 0:13:50]} Bb7 {[%clk 0:13:43]}
9. Bb2 {[%clk 0:13:59]} Be7 {[%clk 0:12:54]} 10. O-O {[%clk 0:14:04]} O-O
{[%clk 0:12:57]} 11. d3 {[%clk 0:14:08]} Nd5 {[%clk 0:12:17]} 12. Nbd2
{[%clk 0:14:00]} Bf6 {[%clk 0:12:15]} 13. Rac1 {[%clk 0:13:50]} Nb4
{[%clk 0:10:13]} 14. Qb1 {[%clk 0:13:57]} Nc6 {[%clk 0:10:14]} 15. Rfd1
{[%clk 0:13:45]} Qe7 {[%clk 0:10:05]} 16. Ne4 {[%clk 0:13:02]} Bxb2
{[%clk 0:10:11]} 17. Qxb2 {[%clk 0:13:11]} Rfd8 {[%clk 0:07:40]} 18. d4
{[%clk 0:08:47]} Nf6 {[%clk 0:07:34]} 19. Nxf6+ {[%clk 0:08:07]} Qxf6
{[%clk 0:07:43]} 20. Ne5 {[%clk 0:08:08]} Rxd4 {[%clk 0:07:30]} 21. Bxc6
{[%clk 0:02:54]} Rxd1+ {[%clk 0:06:42]} 22. Rxd1 {[%clk 0:03:04]} Bxc6
{[%clk 0:06:51]} 23. Qd2 {[%clk 0:03:06]} Bd5 {[%clk 0:05:21]} 24. Ng4
{[%clk 0:02:39]} Qe7 {[%clk 0:05:26]} 25. f3 {[%clk 0:02:39]} h6 {[%clk 0:04:45]}
26. Kf2 {[%clk 0:02:34]} Bc6 {[%clk 0:04:13]} 27. Ne5 {[%clk 0:02:17]} Be8
{[%clk 0:04:20]} 28. Nc4 {[%clk 0:02:21]} b5 {[%clk 0:04:20]} 29. Qd6
{[%clk 0:01:03]} Kf8 {[%clk 0:03:00]} 30. Ne5 {[%clk 0:01:10]} Qxd6
{[%clk 0:02:56]} 31. Rxd6 {[%clk 0:01:18]} Rc8 {[%clk 0:03:00]} 32. Ke3
{[%clk 0:01:04]} Ke7 {[%clk 0:02:52]} 33. Ra6 {[%clk 0:01:12]} Rc7
{[%clk 0:03:01]} 34. Kd2 {[%clk 0:01:04]} f6 {[%clk 0:02:11]} 35. Nd3
{[%clk 0:01:13]} Bd7 {[%clk 0:01:49]} 36. Kc3 {[%clk 0:00:54]} e5
{[%clk 0:01:23]} 37. a4 {[%clk 0:00:20]} c4 {[%clk 0:00:46]} 38. Nb4
{[%clk 0:00:18]} cxb3+ {[%clk 0:00:54]} 39. Kb2 {[%clk 0:00:27]} Rb7
{[%clk 0:00:53]} 40. a5 {[%clk 0:00:28]} Be6 {[%clk 0:00:40]} 41. Rxa7
{[%clk 0:00:18]} Rxa7 {[%clk 0:00:47]} 42. Nc6+ {[%clk 0:00:27]} Kd7
{[%clk 0:00:54]} 43. Nxa7 {[%clk 0:00:36]} Bc4 {[%clk 0:00:59]} 44. e3
{[%clk 0:00:34]} Kc7 {[%clk 0:01:07]} 45. a6 {[%clk 0:00:37]} b4 {[%clk 0:01:14]}
46. h4 {[%clk 0:00:27]} h5 {[%clk 0:01:04]} 47. f4 {[%clk 0:00:34]} exf4
{[%clk 0:01:07]} 48. exf4 {[%clk 0:00:42]} f5 {[%clk 0:01:16]} 49. Kc1
{[%clk 0:00:32]} Bxa6 {[%clk 0:01:24]} 50. Kb2 {[%clk 0:00:40]} Bc4
{[%clk 0:01:33]} 0-1

[Event "Memorial Sergievskogo"]
[Site "Cheboksary"]
[Date "2016.04.13"]
[Round "10.10"]
[White "Gunina, Valentina"]
[Black "Evdokimov, Alexander A."]
[Result "1-0"]
[LiveChessVersion "1.4.4"]
[BlackElo "2553"]
[WhiteElo "2444"]

1. d4 {[%clk 0:15:18]} Nf6 {[%clk 0:15:19]} 2. c4 {[%clk 0:15:26]} e6
{[%clk 0:15:23]} 3. Nf3 {[%clk 0:15:33]} c5 {[%clk 0:15:25]} 4. d5
{[%clk 0:15:38]} exd5 {[%clk 0:15:34]} 5. cxd5 {[%clk 0:15:45]} d6
{[%clk 0:15:33]} 6. Nc3 {[%clk 0:15:41]} g6 {[%clk 0:15:41]} 7. Bf4
{[%clk 0:15:37]} Bg7 {[%clk 0:15:48]} 8. h3 {[%clk 0:15:34]} O-O {[%clk 0:15:55]}
9. e3 {[%clk 0:15:42]} a6 {[%clk 0:15:41]} 10. a4 {[%clk 0:15:49]} Re8
{[%clk 0:15:49]} 11. Bd3 {[%clk 0:15:19]} Nbd7 {[%clk 0:13:51]} 12. O-O
{[%clk 0:15:18]} Qe7 {[%clk 0:13:37]} 13. Qb3 {[%clk 0:14:23]} Rb8
{[%clk 0:13:20]} 14. Rfe1 {[%clk 0:14:15]} Nh5 {[%clk 0:12:16]} 15. Bh2
{[%clk 0:14:23]} f5 {[%clk 0:12:24]} 16. Nd2 {[%clk 0:13:51]} Ne5
{[%clk 0:05:35]} 17. Bf1 {[%clk 0:13:57]} b6 {[%clk 0:04:52]} 18. f4
{[%clk 0:13:39]} Nf7 {[%clk 0:04:34]} 19. e4 {[%clk 0:13:29]} Bd4+
{[%clk 0:03:06]} 20. Kh1 {[%clk 0:13:38]} Bd7 {[%clk 0:03:14]} 21. Bxa6
{[%clk 0:13:06]} Bf2 {[%clk 0:02:46]} 22. Re2 {[%clk 0:12:59]} Bg3
{[%clk 0:02:34]} 23. exf5 {[%clk 0:12:56]} Qh4 {[%clk 0:02:43]} 24. fxg6
{[%clk 0:12:33]} hxg6 {[%clk 0:02:51]} 25. Nce4 {[%clk 0:12:10]} Bxh2
{[%clk 0:02:26]} 26. Kxh2 {[%clk 0:12:19]} Nh6 {[%clk 0:02:03]} 27. Rf1
{[%clk 0:09:44]} Nxf4 {[%clk 0:01:30]} 28. Nf3 {[%clk 0:09:27]} Qd8
{[%clk 0:00:30]} 29. Ree1 {[%clk 0:09:15]} Bf5 {[%clk 0:00:28]} 30. Ng3
{[%clk 0:09:03]} Rxe1 {[%clk 0:00:30]} 31. Nxe1 {[%clk 0:08:31]} Qh4
{[%clk 0:00:28]} 32. Nxf5 {[%clk 0:07:35]} gxf5 {[%clk 0:00:20]} 33. Qf3
{[%clk 0:06:51]} Ng6 {[%clk 0:00:18]} 34. Qe2 {[%clk 0:06:17]} Ne5
{[%clk 0:00:17]} 35. Nf3 {[%clk 0:05:54]} Nxf3+ {[%clk 0:00:16]} 36. Rxf3
{[%clk 0:05:49]} Rf8 {[%clk 0:00:19]} 37. Qe6+ {[%clk 0:05:15]} Kg7
{[%clk 0:00:18]} 38. Qxd6 {[%clk 0:05:17]} Qe1 {[%clk 0:00:18]} 39. Bf1
{[%clk 0:04:49]} Rf6 {[%clk 0:00:22]} 40. Qf4 {[%clk 0:04:47]} Qd1
{[%clk 0:00:17]} 41. Rg3+ {[%clk 0:04:35]} Kh7 {[%clk 0:00:25]} 42. Bd3
{[%clk 0:04:38]} Qh5 {[%clk 0:00:31]} 43. d6 {[%clk 0:04:13]} Qf7
{[%clk 0:00:37]} 44. Bc4 {[%clk 0:04:03]} Qd7 {[%clk 0:00:40]} 45. Rd3
{[%clk 0:04:12]} Rg6 {[%clk 0:00:42]} 46. Qe5 {[%clk 0:04:04]} Qxa4
{[%clk 0:00:35]} 47. d7 {[%clk 0:03:47]} Qc2 {[%clk 0:00:23]} 48. Qe7+
{[%clk 0:03:52]} Rg7 {[%clk 0:00:31]} 49. Qxg7+ {[%clk 0:03:55]} Kxg7
{[%clk 0:00:40]} 50. d8=Q {[%clk 0:04:03]} Qxc4 {[%clk 0:00:46]} 51. Rg3+
{[%clk 0:04:08]} Kh7 {[%clk 0:00:50]} 52. Qe7+ {[%clk 0:04:10]} Nf7
{[%clk 0:00:59]} 53. Qf6 {[%clk 0:04:14]} 1-0

[Event "Memorial Sergievskogo"]
[Site "Cheboksary"]
[Date "2016.04.13"]
[Round "11.1"]
[White "Morozevich, Alexander"]
[Black "Dreev, Aleksey"]
[Result "1/2-1/2"]
[LiveChessVersion "1.4.4"]
[BlackElo "2668"]
[WhiteElo "2669"]

1. e4 {[%clk 0:15:17]} c6 {[%clk 0:15:19]} 2. d4 {[%clk 0:15:22]} d5
{[%clk 0:15:28]} 3. e5 {[%clk 0:15:27]} Bf5 {[%clk 0:15:36]} 4. Nf3
{[%clk 0:15:35]} e6 {[%clk 0:15:44]} 5. Be2 {[%clk 0:15:44]} h6 {[%clk 0:15:48]}
6. O-O {[%clk 0:15:51]} Ne7 {[%clk 0:15:53]} 7. c3 {[%clk 0:15:47]} Nd7
{[%clk 0:15:59]} 8. Nbd2 {[%clk 0:15:48]} Bh7 {[%clk 0:16:00]} 9. Nb3
{[%clk 0:15:18]} Ng6 {[%clk 0:15:51]} 10. Re1 {[%clk 0:15:04]} Be7
{[%clk 0:15:55]} 11. Bd3 {[%clk 0:14:48]} 1/2-1/2

[Event "Memorial Sergievskogo"]
[Site "Cheboksary"]
[Date "2016.04.13"]
[Round "11.2"]
[White "Rozum, Ivan"]
[Black "Rublevsky, Sergei"]
[Result "1/2-1/2"]
[LiveChessVersion "1.4.4"]
[BlackElo "2727"]
[WhiteElo "2579"]

1. Nf3 {[%clk 0:15:19]} d5 {[%clk 0:15:19]} 2. g3 {[%clk 0:15:25]} Bg4
{[%clk 0:15:26]} 3. Bg2 {[%clk 0:15:32]} c6 {[%clk 0:15:32]} 4. O-O
{[%clk 0:14:51]} Nf6 {[%clk 0:15:22]} 5. c4 {[%clk 0:14:36]} e6 {[%clk 0:15:23]}
6. d3 {[%clk 0:14:26]} dxc4 {[%clk 0:15:15]} 7. dxc4 {[%clk 0:14:21]} Nbd7
{[%clk 0:15:14]} 8. Nc3 {[%clk 0:14:04]} Qc7 {[%clk 0:15:08]} 9. h3
{[%clk 0:13:03]} Bh5 {[%clk 0:15:12]} 10. Nh4 {[%clk 0:12:48]} Be7
{[%clk 0:14:23]} 11. Bf4 {[%clk 0:12:47]} e5 {[%clk 0:14:29]} 12. Bg5
{[%clk 0:12:19]} Bg6 {[%clk 0:14:35]} 13. Nxg6 {[%clk 0:12:14]} hxg6
{[%clk 0:14:43]} 14. Qc2 {[%clk 0:12:20]} Nc5 {[%clk 0:14:37]} 15. Rad1
{[%clk 0:12:15]} Ne6 {[%clk 0:14:42]} 16. Bc1 {[%clk 0:11:26]} Nd4
{[%clk 0:14:08]} 17. Qb1 {[%clk 0:11:10]} Bb4 {[%clk 0:12:04]} 18. Rfe1
{[%clk 0:11:13]} Rd8 {[%clk 0:11:44]} 19. Bd2 {[%clk 0:11:09]} O-O
{[%clk 0:10:29]} 20. e3 {[%clk 0:10:46]} Ne6 {[%clk 0:10:12]} 21. Nd5
{[%clk 0:10:25]} Nxd5 {[%clk 0:10:15]} 22. cxd5 {[%clk 0:10:33]} Bxd2
{[%clk 0:10:24]} 23. Rxd2 {[%clk 0:10:36]} cxd5 {[%clk 0:10:07]} 24. Rxd5
{[%clk 0:10:31]} Ng5 {[%clk 0:08:39]} 25. Rc1 {[%clk 0:08:57]} Qe7
{[%clk 0:08:47]} 26. h4 {[%clk 0:07:16]} Nh7 {[%clk 0:07:30]} 27. Qe4
{[%clk 0:06:17]} Rxd5 {[%clk 0:07:19]} 28. Qxd5 {[%clk 0:06:26]} b6
{[%clk 0:07:14]} 29. Qb7 {[%clk 0:03:09]} Qxb7 {[%clk 0:05:43]} 30. Bxb7
{[%clk 0:03:18]} Nf6 {[%clk 0:05:51]} 31. Kf1 {[%clk 0:02:59]} Rd8
{[%clk 0:05:49]} 32. Ke2 {[%clk 0:03:08]} Kf8 {[%clk 0:05:28]} 33. b4
{[%clk 0:02:27]} Ke7 {[%clk 0:04:53]} 34. a4 {[%clk 0:01:58]} Ne8
{[%clk 0:04:41]} 35. a5 {[%clk 0:01:45]} Nd6 {[%clk 0:03:47]} 36. Bd5
{[%clk 0:01:38]} Rc8 {[%clk 0:03:33]} 37. Rxc8 {[%clk 0:01:07]} Nxc8
{[%clk 0:03:41]} 38. f4 {[%clk 0:00:47]} f6 {[%clk 0:03:15]} 39. Be4
{[%clk 0:00:44]} Kf7 {[%clk 0:03:13]} 40. Bd5+ {[%clk 0:00:25]} Ke7
{[%clk 0:03:21]} 41. Be4 {[%clk 0:00:26]} 1/2-1/2

[Event "Memorial Sergievskogo"]
[Site "Cheboksary"]
[Date "2016.04.13"]
[Round "11.3"]
[White "Khismatullin, Denis"]
[Black "Sharafiev, Azat"]
[Result "1-0"]
[LiveChessVersion "1.4.4"]
[BlackElo "2460"]
[WhiteElo "2709"]

1. Nf3 {[%clk 0:15:19]} d5 {[%clk 0:15:05]} 2. g3 {[%clk 0:15:26]} g6
{[%clk 0:15:08]} 3. c4 {[%clk 0:15:33]} d4 {[%clk 0:15:14]} 4. Bg2
{[%clk 0:15:28]} Bg7 {[%clk 0:15:22]} 5. b4 {[%clk 0:15:35]} e5 {[%clk 0:15:10]}
6. d3 {[%clk 0:15:42]} Ne7 {[%clk 0:15:07]} 7. O-O {[%clk 0:15:33]} O-O
{[%clk 0:15:14]} 8. Nbd2 {[%clk 0:15:40]} a5 {[%clk 0:15:22]} 9. b5
{[%clk 0:15:43]} c5 {[%clk 0:15:12]} 10. Qc2 {[%clk 0:13:54]} Ra7
{[%clk 0:14:10]} 11. Bb2 {[%clk 0:12:54]} b6 {[%clk 0:14:12]} 12. e3
{[%clk 0:13:02]} Nf5 {[%clk 0:13:43]} 13. Rae1 {[%clk 0:11:13]} Re7
{[%clk 0:12:24]} 14. Ne4 {[%clk 0:10:05]} Bb7 {[%clk 0:11:47]} 15. exd4
{[%clk 0:09:23]} exd4 {[%clk 0:10:46]} 16. Bc1 {[%clk 0:08:56]} h6
{[%clk 0:10:00]} 17. Bf4 {[%clk 0:08:04]} Re6 {[%clk 0:06:57]} 18. Qd2
{[%clk 0:06:21]} Rfe8 {[%clk 0:05:46]} 19. h4 {[%clk 0:02:54]} Nd7
{[%clk 0:04:44]} 20. h5 {[%clk 0:01:45]} Nf6 {[%clk 0:01:26]} 21. Nxf6+
{[%clk 0:01:36]} Qxf6 {[%clk 0:01:31]} 22. Rxe6 {[%clk 0:00:20]} Rxe6
{[%clk 0:01:40]} 23. Re1 {[%clk 0:00:26]} g5 {[%clk 0:00:55]} 24. Rxe6
{[%clk 0:00:23]} Qxe6 {[%clk 0:01:00]} 25. Bc7 {[%clk 0:00:15]} g4
{[%clk 0:00:25]} 26. Ne1 {[%clk 0:00:22]} Bxg2 {[%clk 0:00:26]} 27. Nxg2
{[%clk 0:00:31]} Be5 {[%clk 0:00:34]} 28. Bxe5 {[%clk 0:00:18]} Qxe5
{[%clk 0:00:43]} 29. Qd1 {[%clk 0:00:27]} Ng7 {[%clk 0:00:37]} 30. Qxg4
{[%clk 0:00:27]} Qxh5 {[%clk 0:00:45]} 31. Qc8+ {[%clk 0:00:34]} Kh7
{[%clk 0:00:54]} 32. Nf4 {[%clk 0:00:42]} Qd1+ {[%clk 0:00:33]} 33. Kg2
{[%clk 0:00:46]} Ne6 {[%clk 0:00:32]} 34. Nxe6 {[%clk 0:00:37]} fxe6
{[%clk 0:00:41]} 35. Qd7+ {[%clk 0:00:26]} Kh8 {[%clk 0:00:50]} 36. Qe8+
{[%clk 0:00:29]} Kg7 {[%clk 0:00:55]} 37. Qe7+ {[%clk 0:00:33]} Kh8
{[%clk 0:01:02]} 38. Qf6+ {[%clk 0:00:32]} Kh7 {[%clk 0:01:11]} 39. Qe7+
{[%clk 0:00:19]} Kh8 {[%clk 0:01:19]} 40. Qd8+ {[%clk 0:00:20]} Kg7
{[%clk 0:01:25]} 41. Qc7+ {[%clk 0:00:21]} Kf6 {[%clk 0:01:21]} 42. Qh7
{[%clk 0:00:21]} Qd2 {[%clk 0:01:21]} 43. a4 {[%clk 0:00:25]} h5 {[%clk 0:01:06]}
44. Qe4 {[%clk 0:00:25]} Qd1 {[%clk 0:01:03]} 45. Qf4+ {[%clk 0:00:16]} Kg6
{[%clk 0:01:09]} 46. Qe4+ {[%clk 0:00:18]} Kf6 {[%clk 0:01:18]} 47. Qf4+
{[%clk 0:00:21]} Kg6 {[%clk 0:01:27]} 48. Qe5 {[%clk 0:00:18]} Qxd3
{[%clk 0:01:31]} 49. Qxe6+ {[%clk 0:00:27]} Kg7 {[%clk 0:01:39]} 50. Qxb6
{[%clk 0:00:34]} Qe4+ {[%clk 0:00:44]} 51. Kh2 {[%clk 0:00:43]} Qf3
{[%clk 0:00:35]} 52. Qc7+ {[%clk 0:00:50]} Kg8 {[%clk 0:00:22]} 53. Qd8+
{[%clk 0:00:45]} Kg7 {[%clk 0:00:22]} 54. Qd7+ {[%clk 0:00:39]} Kf6
{[%clk 0:00:29]} 55. Qd6+ {[%clk 0:00:35]} Kf7 {[%clk 0:00:31]} 56. Qd7+
{[%clk 0:00:23]} Kf6 {[%clk 0:00:38]} 57. Kg1 {[%clk 0:00:15]} Qd1+
{[%clk 0:00:19]} 58. Kg2 {[%clk 0:00:22]} Qxa4 {[%clk 0:00:15]} 59. Qd6+
{[%clk 0:00:30]} Kf7 {[%clk 0:00:19]} 60. b6 {[%clk 0:00:31]} Qb3
{[%clk 0:00:11]} 61. Qc7+ {[%clk 0:00:34]} Ke6 {[%clk 0:00:19]} 62. b7
{[%clk 0:00:32]} 1-0

[Event "Memorial Sergievskogo"]
[Site "Cheboksary"]
[Date "2016.04.13"]
[Round "11.4"]
[White "Alekseev, Evgeny"]
[Black "Lintchevski, Daniil"]
[Result "1/2-1/2"]
[LiveChessVersion "1.4.4"]
[BlackElo "2590"]
[WhiteElo "2671"]

1. Nf3 {[%clk 0:15:18]} c5 {[%clk 0:15:19]} 2. e4 {[%clk 0:14:40]} e6
{[%clk 0:15:27]} 3. d4 {[%clk 0:14:30]} cxd4 {[%clk 0:15:35]} 4. Nxd4
{[%clk 0:14:39]} Nf6 {[%clk 0:15:43]} 5. Nc3 {[%clk 0:14:48]} Nc6
{[%clk 0:15:51]} 6. Ndb5 {[%clk 0:14:55]} Bb4 {[%clk 0:15:59]} 7. a3
{[%clk 0:15:04]} Bxc3+ {[%clk 0:16:07]} 8. Nxc3 {[%clk 0:15:12]} d5
{[%clk 0:16:15]} 9. exd5 {[%clk 0:15:21]} Nxd5 {[%clk 0:16:24]} 10. Bd2
{[%clk 0:15:21]} O-O {[%clk 0:16:31]} 11. Bd3 {[%clk 0:15:25]} Qh4
{[%clk 0:16:39]} 12. O-O {[%clk 0:14:42]} Ne5 {[%clk 0:16:48]} 13. Nxd5
{[%clk 0:12:12]} exd5 {[%clk 0:16:56]} 14. Be3 {[%clk 0:11:28]} Nxd3
{[%clk 0:14:47]} 15. Qxd3 {[%clk 0:11:35]} Qc4 {[%clk 0:14:52]} 16. Qd2
{[%clk 0:11:26]} Bf5 {[%clk 0:14:58]} 17. Rac1 {[%clk 0:11:22]} b6
{[%clk 0:14:09]} 18. Bd4 {[%clk 0:11:08]} Rfe8 {[%clk 0:13:34]} 19. Be3
{[%clk 0:11:06]} 1/2-1/2